| 000 | 00378nam a2200145Ia 4500 | ||
|---|---|---|---|
| 008 | 230917s9999||||xx |||||||||||||| ||und|| | ||
| 040 |
_e160400 _aMAIN |
||
| 041 | _aEnglish | ||
| 082 | _a338.4791 S73A | ||
| 100 | _aSarkar, Arun Kumar | ||
| 245 | 0 | _aAction plan and priorities in tourism development | |
| 260 |
_aNew Delhi _bKanishka _c1998 |
||
| 300 | _a332 p. | ||
| 942 | _cBK | ||
| 999 |
_c130464 _d130464 |
||